00309nam a2200133Ia 4500008004100000041000800041082000600049100002500055245005200080250000600132260001500138300000900153650001300162240829s2013 xx 000 0 und d aeng a1 aVD. SHEETAL NALAWADE aEFFICACY OF KALYANAKA VALENA ON GARBHINI ATISAR a1 a2013bN.D. a500p aSTRI-ROG